000
00320nam a2200133Ia 4500
008
230818s1987 xx 000 0 und d
041
_a
eng
100
_a
Lillian Hogaland
245
_a
Food Chemistry
260
_b
C.B.S.Publication
_c
1987
300
_a
385p
520
_a
General | Hard Board
999
_c
853920
_d
853920
650
_a
Food Safety